The awakening a solitary soul

Wedi'i Gadw mewn:
Manylion Llyfryddiaeth
Prif Awdur: Chopin, Kate
Fformat: Llyfr
Iaith:English
Cyhoeddwyd: London David Campbell publishers 1992
Cyfres:Everymen's library
Pynciau:
Anh
Tagiau: Ychwanegu Tag
Dim Tagiau, Byddwch y cyntaf i dagio'r cofnod hwn!
Thư viện lưu trữ: Trung tâm Học liệu Lê Vũ Hùng, Trường Đại học Đồng Tháp
LEADER 00752pam a22002418a 4500
001 00025387
005 20171026081023.0
008 110804s1992 ||||||engsd
041 0 # |a eng 
082 1 4 |a 823  |b TH200A 
100 1 # |a Chopin, Kate 
245 1 4 |a The awakening a solitary soul  |c Kate Chopin 
260 # # |a London  |b David Campbell publishers  |c 1992 
300 # # |a xlvii,221 p.  |c 21 cm. 
490 # # |a Everymen's library 
504 # # |a Includes bibliographical references (p. XXXII) 
650 # 4 |a Anh 
650 # 4 |a Tiểu thuyết 
650 # 4 |a Văn học cận đại 
852 # # |b Kho đọc  |j KD.0008416 
852 # # |j KD.0008416 
910 |d 04/08/2011 
980 # # |a Trung tâm Học liệu Lê Vũ Hùng, Trường Đại học Đồng Tháp